Heat and mass transfer (Record no. 5861)

000 -LEADER
fixed length control field 00529nam a2200205 4500
001 - CONTROL NUMBER
control field 5861
003 - CONTROL NUMBER IDENTIFIER
control field BD-DhUET
008 - FIXED-LENGTH DATA ELEMENTS--GENERAL INFORMATION
fixed length control field 700409m19679999is a b 000 0 eng
040 ## - CATALOGING SOURCE
Original cataloging agency DLC
Transcribing agency DLC
Modifying agency BD-DhUET
082 00 - DEWEY DECIMAL CLASSIFICATION NUMBER
Classification number 621.011
Item number ECK/1959
100 ## - MAIN ENTRY--PERSONAL NAME
Personal name Eckert, R. R. G.
245 00 - TITLE STATEMENT
Title Heat and mass transfer
250 ## - EDITION STATEMENT
Edition statement 2nd ed.
260 ## - PUBLICATION, DISTRIBUTION, ETC. (IMPRINT)
Place of publication, distribution, etc. New York
Name of publisher, distributor, etc. McGraw-Hill
Date of publication, distribution, etc. 1959
300 ## - PHYSICAL DESCRIPTION
Extent xiv, 530p.
490 1# - SERIES STATEMENT
Series statement McGraw-Hill series in mechanical engineering
650 #0 - SUBJECT ADDED ENTRY--TOPICAL TERM
Topical term or geographic name as entry element Heat-Transmission
700 ## - ADDED ENTRY--PERSONAL NAME
Personal name Drake, Robert M.
942 ## - ADDED ENTRY ELEMENTS (KOHA)
Koha item type General Book
Holdings
Koha normalized classification for sorting Source of classification or shelving scheme Price effective from Piece designation (barcode) Lost status Sublocation or collection (holding branch) Copy number Shelving location Damaged status Koha date last seen Koha full call number Location (home branch) Koha issues (times borrowed) Koha item type Not for loan Withdrawn status Date acquired Koha date last borrowed
621_011000000000000_ECK_1959 2014-11-2936668 Central Library, BUET Circulation section 2014-11-29621.011/ECK/1959Central Library, BUET General Book  2014-11-29 
621_000000000000000_011ECK1959 2014-12-0314884 Central Library, BUET2Circulation section 2014-12-03621.011/ECK/1959Central Library, BUET General Book  2014-12-03 
621_011000000000000_ECK_1959 2015-04-1211302 Central Library, BUET3Circulation section 2015-04-12621.011/ECK/1959Central Library, BUET General Book  2015-04-12 
621_011000000000000_ECK_1959 2015-04-1231276 Central Library, BUET4Circulation section 2015-04-12621.011/ECK/1959Central Library, BUET General Book  2015-04-12 
621_011000000000000_ECK_1959 2015-04-1231274 Central Library, BUET5Circulation section 2015-04-12621.011/ECK/1959Central Library, BUET General Book  2015-04-12 
621_011000000000000_ECK_1959 2015-04-1231271 Central Library, BUET6Circulation section 2015-04-12621.011/ECK/1959Central Library, BUET General Book  2015-04-12 
621_011000000000000_ECK_1959 2015-04-1231272 Central Library, BUET7Circulation section 2015-04-12621.011/ECK/1959Central Library, BUET General Book  2015-04-12 
621_011000000000000_ECK_1959 2015-04-1331277 Central Library, BUET8Circulation section 2021-11-28621.011/ECK/1959Central Library, BUET1General Book  2015-04-132020-03-02
621_011000000000000_ECK_1959 2015-04-1311301 Central Library, BUET9Circulation section 2015-04-13621.011/ECK/1959Central Library, BUET General Book  2015-04-13 
621_011000000000000_ECK_1959 2015-04-1311303 Central Library, BUET10Circulation section 2015-04-13621.011/ECK/1959Central Library, BUET General Book  2015-04-13 
621_011000000000000_ECK_1959 2015-04-1324625 Central Library, BUET11Circulation section 2015-04-13621.011/ECK/1959Central Library, BUET General Book  2015-04-13 
621_011000000000000_ECK_1959 2015-04-137652 Central Library, BUET12Circulation section 2015-04-13621.011/ECK/1959Central Library, BUET General Book  2015-04-13 
621_011000000000000_ECK_1959 2015-04-1324320 Central Library, BUET13Circulation section 2015-04-13621.011/ECK/1959Central Library, BUET General Book  2015-04-13 
621_011000000000000_ECK_1959 2015-04-1324976 Central Library, BUET14Circulation section 2015-04-13621.011/ECK/1959Central Library, BUET General Book  2015-04-13 
621_011000000000000_ECK_1959 2015-04-1331275 Central Library, BUET15Circulation section 2015-04-13621.011/ECK/1959Central Library, BUET General Book  2015-04-13 
621_011000000000000_ECK_1959 2015-06-167655 Central Library, BUET16Reading section 2015-06-16621.011/ECK/1959Central Library, BUET General Book  2015-06-16